Historia general de las literaturas hispánicas / (Record no. 56143)
[ view plain ]
| 000 -LEADER | |
|---|---|
| campo de control de longitud fija | 01016nam a2200205 i 4500 |
| 001 - NÚMERO DE CONTROL | |
| campo de control | 56143 |
| 003 - IDENTIFICADOR DE NÚMERO DE CONTROL | |
| campo de control | ES-MaACL |
| 005 - FECHA Y HORA DE LA ÚLTIMA TRANSACCIÓN | |
| campo de control | 20231227062627.0 |
| 007 - CAMPO FIJO DE DESCRIPCIÓN FÍSICA--INFORMACIÓN GENERAL | |
| campo de control de longitud fija | t| |
| 008 - DATOS DE LONGITUD FIJA--INFORMACIÓN GENERAL | |
| campo de control de longitud fija | 031003m19491967sp ||||1| spa d |
| 100 1# - ENTRADA PRINCIPAL--NOMBRE DE PERSONA | |
| Nombre de persona | Díaz-Plaja, Guillermo, |
| Fechas asociadas al nombre | 1909-1984 |
| 9 (RLIN) | 162428 |
| 245 10 - MENCIÓN DEL TÍTULO | |
| Título | Historia general de las literaturas hispánicas / |
| Mención de responsabilidad, etc. | publicada bajo la dirección de Guillermo Díaz-Plaja ; con una introducción de Ramón Menéndez Pidal. |
| 260 ## - PUBLICACIÓN, DISTRIBUCIÓN, ETC. | |
| Lugar de publicación, distribución, etc. | Barcelona : |
| Nombre del editor, distribuidor, etc. | Barna, |
| Fecha de publicación, distribución, etc. | 1949-[67] ( |
| Fabricante | S.A.D.A.G.) |
| 300 ## - DESCRIPCIÓN FÍSICA | |
| Extensión | 6 t., en 7 v. ; |
| Dimensiones | 27 cm. |
| 505 8# - NOTA DE CONTENIDO CON FORMATO | |
| Nota de contenido con formato | Contiene: T. I: Desde los orígenes hasta 1400. -- T. II: Pre-Renacimiento y Renacimiento. T. III: Renacimiento y Barroco. -- T. IV: Siglos XVIII y XIX: primera parte ; Siglos XVIII y XIX: segunda parte. -- T. V: Post-Romanticismo y Modernismo. -- T. VI: Literatura contemporánea |
| 700 1# - ENTRADA AGREGADA--NOMBRE PERSONAL | |
| Nombre de persona | Menéndez Pidal, Ramón, |
| Fechas asociadas al nombre | 1869-1968 |
| 9 (RLIN) | 80315 |
| 852 ## - LOCALIZACIÓN | |
| Ubicación | ES-MaACL |
| Número de control de estantería | G-4027-33 |
| Sublocalización o colección | R.40332 |
| 852 ## - LOCALIZACIÓN | |
| Ubicación | ES-MaACL |
| Número de control de estantería | P-1052-Bis |
| Nota libre | .- (Vol. 1,2,3) |
| Estatus retirado | Estado de pérdida | Estado de daño | No para préstamo | Biblioteca de origen | Biblioteca actual | Ubicación en estantería | Fecha de adquisición | Fuente de adquisición | Total de préstamos | Signatura topográfica completa | Código de barras | Visto por última vez | Precio de reemplazo | Tipo de ítem Koha |
|---|---|---|---|---|---|---|---|---|---|---|---|---|---|---|
| Biblioteca del Ateneo de Madrid | Biblioteca del Ateneo de Madrid | Depósito 2 | 21/11/2019 | P-1052-Bis | 1201267 | 23/02/2023 | 23/02/2023 | Libro impreso | ||||||
| Biblioteca del Ateneo de Madrid | Biblioteca del Ateneo de Madrid | Depósito 2 | 17/01/2008 | G-4027-33 | 1058969 | 23/02/2023 | 23/02/2023 | Libro impreso |
